000 00860nam a2200253Ia 4500
003 OSt
005 20221005062301.0
006 a|||||r|||| 00| 0
007 ta
008 221004b |||||||| |||| 00| 0 eng d
020 _a9780415844697 (pbk)
_c8783.04
024 _a14034
037 _b006, 12/08/2014, Pioneer Books Distributors
_cTextual
040 _aCRL
_cCRL
_beng
041 _2eng
_aeng
082 _aV55:192,N, Q4
100 _aCho Miyang Joanne Ed.
_9601633
245 0 _aTranscultural encounters between germany and India
_b Kindred spirits in teh nineteenth and twentieth centuries
260 _aLondon
_bRoutledge UK
_c2014
300 _axi, 239p.
_ccm.
650 _aHISTORY
942 _hV55:192,N, Q4
_cTEXL
_2cc
999 _c969447
_d969447